000 00650nam a2200205Ia 4500
005 20250508160256.0
008 008 250505s9999 xx 000 0 eng d
037 _aTextual
040 _aFEDL
_beng
_cFEDL
041 _aeng
_2eng
084 _a370.97, CAL
_qFEDL
245 0 _aRecommendations on public school support
245 0 _cCalifornia. Education, (Department of ...)
260 _c1959
300 _axxiii,378p
546 _aA report to the California legislature prepared pursuant to section 134 of chapter 1251, statutes of 1959
650 _aEducation
942 _cTEXL
_h370.97, CAL
999 _c1363322
_d1363322